000 00778nas a2200253 4500
001 BR9500542
003 BR-BrBNA
005 20231205094234.0
007 ta
008 230509b bl.|||p| |||| 00| 00por d
040 _aBR-BrBNA
_bpor
_cBiblioteca Nacional de Agricultura
041 _a(Pt)
072 _aL73
100 1 _aMaddarena, E.F.
100 1 _aModena, C.M.
100 1 _aFigueiredo, M.C.P.
245 1 _aReavaliacao das areas endemicas primarias de febre aftosa em Minas Gerais
650 _aBovino
650 _aAftosa
650 _aMinas Gerais
773 0 _tArquivo Brasileiro de Medicina Veterinaria e Zootecnia (Brazil)
_xISSN 0102-0935
_g(Dec 1992), v. 44(6) p. 473-484
_wBR9500542
909 _a202311
_bLúcia
_c55
_dLúcia Elande
942 _2AGRIS
_n0
_cANA
999 _c143005
_d143005